Ortodoncia en dentición mixta (Registro nro. 6715)
[ vista simple ]
| 000 -Cabecera | |
|---|---|
| Campo de control de longitud fija | 00867atm a2200325 4500 |
| 005 - Fecha y hora de la última transacción | |
| Campo de control | 20251114104721.0 |
| 008 - Elementos de longitud fija--Información general | |
| Campo de control de longitud fija | 150728b xxu||||| |||| 00| 0 spa d |
| 020 ## - International Standard Book Number | |
| Número Internacional Estándar del Libro (ISBN) | 9806574478 |
| 041 ## - Idioma | |
| Código de idioma | Español |
| 082 ## - Clasificación Decimal Dewey | |
| Número de clasificación | 617.64 D447o |
| 100 ## - Entrada principal--Autor personal | |
| Nombre personal | D' Escrivan de Saturno , Luz |
| 9 (RLIN) | 39085 |
| 100 ## - Entrada principal--Autor personal | |
| Nombre personal | Torres, Martha |
| 245 ## - Título propiamente dicho | |
| Título | Ortodoncia en dentición mixta |
| 260 ## - Pie de imprenta | |
| Lugar de publicación, distribución, etc. | Venezuela |
| 260 ## - Pie de imprenta | |
| Nombre del editor, distribuidor, etc. | AMOLCA |
| 260 ## - Pie de imprenta | |
| Fecha de publicación, distribución, etc. | 2007 |
| 300 ## - Descripción física | |
| Extensión | 562 páginas |
| 300 ## - Descripción física | |
| Otras características físicas | Ilustraciones a color |
| 490 ## - Serie | |
| Título de la Serie | Mecánica Dental |
| 650 ## - Materia general | |
| Temática (materia general) | ODONTOPEDIATRÍA |
| 650 ## - Materia general | |
| Temática (materia general) | ORTODONCIA PEDIÁTRICA |
| 650 ## - Materia general | |
| Temática (materia general) | ORTODONCIA |
| 650 ## - Materia general | |
| Temática (materia general) | ANATOMÍA DE LOS MAXILARES |
| 650 ## - Materia general | |
| Temática (materia general) | DENTICIÓN PRIMARIA |
| 650 ## - Materia general | |
| Temática (materia general) | ARCOS DENTARIOS |
| 650 ## - Materia general | |
| Temática (materia general) | BIOMECÁNICA DEL MOVIMIENTO ORTODONCIO |
| 650 ## - Materia general | |
| Temática (materia general) | APARATOS DE ANCLAJE |
| 650 ## - Materia general | |
| Temática (materia general) | MALOCLUSIÓN |
| 942 ## - Punto de acceso adicional KOHA | |
| Tipo de ítem KOHA | Libro |
| Fuente del sistema de clasificación o colocación | Dewey Decimal Classification |
| Signatura completa | Código de barras | Programa Académico | Tipo de ítem |
|---|---|---|---|
| 617.64 D447o | 11937 | Mecánica Dental | Libro |